00245nam a2200097Ia 4500008004100000100001600041245003800057260003600095300000800131650000800139191201s2015 xx 000 0 und d aGOYAL, Alok 0aFundamentals of Management B.Tech c2015bV K EnterprisesaN. delhi a291 aCSE